| 000 | 01228nac a22002171u 4500 | ||
|---|---|---|---|
| 008 | 090318t xxu||||| |||| 00| 0 ara d | ||
| 082 |
_a320.956 _bع د و |
||
| 100 | 1 |
_aالعدوى ، إبراهيم أحمد _915558 |
|
| 245 |
_aقادة التحرير العربي : _bفى العصر الحديث / _cابراهيم أحمد العدوي |
||
| 250 | _aط2 | ||
| 260 |
_a[القاهرة] : _b[د. ن] ،[1964?] _c[1964?] |
||
| 300 |
_a316 ص ؛ _c24 سم. |
||
| 504 | _aيشتمل على إرجاعات ببليوجرافية وفهارس | ||
| 511 | _aCatalogued by: Sara | ||
| 650 |
_927041 _aالقادة |
||
| 650 |
_917577 _aالسياسيون |
||
| 651 |
_913700 _aالعالم العربي _xالأحوال السياسية |
||
| 942 |
_cBB _k320.956 ع د و _2ddc |
||
| 999 |
_c6781 _d6781 |
||